000 01123cam a22002894a 4500
001 12616785
005 20251103134058.0
008 011211s2002 maua b 001 0 eng
020 _a0763716448
_qalk. paper
020 _a9780763716448
_q(alk. paper)
050 0 0 _aRT89
_b.S885 2002
082 0 0 _a362.1/73/068
_221
100 1 _aSwansburg, Russell C.
245 0 0 _aIntroduction to management and leadership for nurse managers /
_cRussell C. Swansburg, Richard J. Swanburg
250 _a3rd ed.
260 _aSudbury, Mass. :
_bJones and Bartlett Publishers,
_cc2002.
300 _axvii, 638 p. :
_bill. ;
_c28 cm.
500 _aRev. ed. of: Introductory management and leadership for nurses. c1999. 2nd ed.
650 0 _aNursing services
_xAdministration.
650 1 2 _aNursing, Supervisory.
650 2 2 _aAdministrative Personnel.
650 2 2 _aNurse Administrators.
700 1 _aSwansburg, Russell C.
_tIntroductory management and leadership for nurses.
700 1 _aSwansburg, Richard J.
856 4 1 _3Table of contents
_uhttp://www.loc.gov/catdir/toc/fy022/2001050798.html
942 _2lcc
_cBK
_e3rd ed.
_n0
999 _c7986
_d7986